Statistiques concernant Top 10 des meilleurs buteurs en Equipe de France (football)

Cliquez ici pour prendre le quiz!

Statistiques générales

  • Ce quiz a été pris 850 fois
  • Le résultat moyen est 7 sur 10

Statistiques - réponses

ButsSélectionsJoueur% Correct
2661Olivier Giroud
96%
51123Thierry Henry
96%
31108Zinédine Zidane
89%
2781Karim Benzema
80%
4172Michel Platini
79%
3471David Trezeguet
64%
3021Just Fontaine
57%
3054Jean-Pierre Papin
52%
2882Youri Djorkaeff
33%
2692Sylvain Wiltord
24%

Distribution des résultats

Percentile par nombre de réponses

% des personnes avec chaque résultat

Votre développement - résultats

Vous n’avez pas pris ce quiz